000 01082naa a22002897a 4500
001 BR7703216
003 BR-BrBNA
005 20240918174001.0
007 ta
008 230509b bl.||||| |||| 00| 0 por d
040 _aBR-BrBNA
_bpor
_cBiblioteca Nacional de Agricultura
041 _a(Pt)
072 _aF50
_b3389
090 _aF50 BR7703216
100 1 _aCarvalho, L.D.F. de
111 1 _a26. Congresso Nacional de Botanica
_cRio de Janeiro, RJ (Brazil)
_d26 Jan 1975
245 1 _aNota previa sobre a morfologia dos esclereideos foliares em Mimosa calycina Bentham [Morfologia vegetal]
260 3 _aRio de Janeiro, RJ (Brasil):
_c1977.
500 _aTrabalhos do 26. Congresso Nacional de Botanica Rio de Janeiro, RJ (Brasil): 1977. p. 91-99 (BR7703216-AM)F50
650 _aMorfologia vegetal
650 _aMimosa
650 _aCelula vegetal
650 _aTecido vegetal
773 0 _tTrabalhos do 26. Congresso Nacional de Botanica
_wF50 BR7703216
_gRio de Janeiro, RJ (Brasil), 1977. p. 91-99
909 _a202404
_bLucia
_c55
_dLucia Elande
942 _cAM
_2AGRIS
999 _c308131
_d308131